| 000 | 00599nam a2200205Ii 4500 | ||
|---|---|---|---|
| 001 | 6726 | ||
| 003 | CO-ViMGA | ||
| 008 | 241108s9999||||xx |||||||||||||| ||und|| | ||
| 040 |
_aCO-ViMGA _bspa _erda _cCO-ViMGA |
||
| 041 | 0 | _aunk | |
| 082 | 0 | 4 | _a863.44-R57a |
| 100 | 1 |
_aEvelio Rosero Diago _954436 |
|
| 245 | 1 | 0 | _a<El> aprendiz del mago |
| 264 | 1 | _a[Lugar de publicación no identificado] : Colcultura, 1992 | |
| 300 | _avolumen | ||
| 336 |
_atext _btxt _2rdacontent |
||
| 337 |
_aunmediated _bn _2rdamedia |
||
| 338 |
_avolume _bnc _2rdacarrier |
||
| 940 | _aidficha_siabuc: 6572. -- ficha_no_siabuc:6726 | ||
| 999 |
_c51430 _d51430 |
||